[Event "HokkaidoCh2018"]
[Site "?"]
[Date "2018.03.24"]
[Round "1.1"]
[White "SUGIMOTO, Koichi"]
[Black "SHIBUYA, Kaisei"]
[Result "1-0"]
[WhiteElo "1960"]
[BlackElo "1582"]
[Annotator "Fritz 15 (30s)"]
[PlyCount "67"]
[SourceDate "2018.03.25"]

{D25: Queen's Gambit Accepted: 4 e3: sidelines and 4...Bg4} 1. d4 d5 2. c4 dxc4
3. Nf3 Nf6 4. e3 Nc6 (4... c5 5. Bxc4 cxd4 6. exd4 e6 7. O-O Nc6 8. Qe2 Qc7 9.
Nc3 a6 10. Rd1 Bd6 11. h3 h6 12. b3 b6 13. Bb2 O-O 14. d5 exd5 15. Bxd5 Bb7 {
1/2-1/2 (15) Vaisser,A (2530)-Drasko,M (2510) Sochi 1988}) (4... b5 5. a4 b4 6.
Bxc4 e6 7. O-O Be7 8. Nbd2 Bb7 9. Be2 Nbd7 10. Nc4 c5 11. Nfe5 O-O 12. dxc5
Nxe5 13. Nxe5 Qc7 14. c6 Rad8 15. Qc2 Bd6 16. f4 Ba8 17. Bf3 Bxe5 18. fxe5 Nd5
19. Qc5 {Krykun,Y (2236)-Christiansen,J (2391) Porec 2015 0-1 (53)}) 5. Bxc4 a6
$146 {Prevents intrusion on b5} (5... e6 6. Nc3 a6 7. e4 b5 8. Bd3 Nb4 9. Bb1
c5 10. a3 cxd4 11. Qxd4 Qxd4 12. Nxd4 e5 13. axb4 exd4 14. Nxb5 Bxb4+ 15. Ke2
O-O 16. Nxd4 Bb7 17. f3 Rfd8 18. Be3 Nd7 19. Rc1 Nc5 20. Nc2 {Del Rio de
Angelis,S (2520)-Ladron de Guevara Pinto,P (2355) Linares 2014 1-0 (37)}) (5...
g6 6. O-O Bg7 7. d5 Na5 8. Qa4+ c6 9. dxc6 Nxc6 10. Ne5 O-O 11. Nxc6 bxc6 12.
Qxc6 Rb8 13. Nc3 Bb7 14. Qa4 Qc7 15. Be2 Rfd8 16. Rd1 Rxd1+ 17. Qxd1 Ne4 18.
Nb5 Qa5 19. f3 Rd8 20. Qf1 {L'Ami,A (2316)-Muhren,B (2290) Novi Sad 2009 1/2-1/
2 (135)}) 6. O-O e6 {Controls d5} 7. a4 (7. Nc3 Be7 $14) 7... Be7 8. Qe2 O-O 9.
Rd1 Na5 10. Ba2 c6 {Covers d5} (10... Nd5 11. Bd2 Nb4 12. Bxb4 Bxb4 13. Qc2 $11
) 11. Bd2 $14 b5 {Black threatens to win material: b5xa4} 12. b4 {White
threatens to win material: b4xa5} Nb7 13. e4 (13. Ne5 Bd7 $14) 13... Qc7 (13...
bxa4 $5 14. Nc3 a3 $14) 14. Bb3 $16 Rd8 15. Na3 a5 16. axb5 axb4 (16... Bxb4
17. e5 Nd5 18. bxc6 Qxc6 19. Rdc1 $16) 17. b6 Qb8 18. Nc4 {[%cal Ye4e5] White
prepares the advance e5} c5 $4 {the position is going down the drain} (18...
Bd7 $142 19. g3 Rxa1 20. Rxa1 c5 $16) 19. Bf4 $1 $18 {[%cal Ye4e5] White
intends e5. Deflection: a8} Nd6 (19... Qxf4 20. Rxa8 {Deflection}) 20. Rxa8 (
20. dxc5 $142 {and White has triumphed} Rxa1 21. Rxa1 Nd7 22. cxd6 Bf8 $18)
20... Qxa8 21. Bxd6 Bxd6 22. e5 Nd5 (22... Be7 {does not improve anything} 23.
exf6 gxf6 24. dxc5 Rxd1+ 25. Bxd1 Bxc5 26. Nfd2 $18) 23. Nxd6 (23. exd6 $142 $5
{keeps an even firmer grip} Nc3 24. Qd3 Nxd1 $18) 23... Nc3 24. Qb2 Nxd1 25.
Bxd1 Qd5 (25... c4 $18) 26. Bb3 Qc6 27. Qc2 Qxb6 28. dxc5 Qc6 (28... Qa6 {
cannot undo what has already been done} 29. h4 Qa1+ 30. Kh2 $18) 29. Nd4 (29.
Ng5 $142 {makes it even easier for White} g6 30. Ngxf7 Rf8 $18) 29... Qa6 30.
h3 Qa1+ 31. Qd1 Qc3 (31... Qxd1+ {a last effort to resist the inevitable} 32.
Bxd1 Rd7 $18) 32. Nc6 Rf8 (32... Rd7 {desperation} 33. Ne7+ $1 {the logical end
} Rxe7 $18) 33. Ne7+ Kh8 34. Nxf7+ $1 {Clearance: d6. . . . .} (34. Nxf7+ Rxf7
35. Qd8+ Rf8 36. Qxf8#) 1-0

[Event "HokkaidoCh2018"]
[Site "?"]
[Date "2018.03.24"]
[Round "1.2"]
[White "HAKAMADA, Eiji"]
[Black "DRAKAKIS, Athanasios"]
[Result "0-1"]
[WhiteElo "1510"]
[BlackElo "1827"]
[Annotator "Fritz 15 (30s)"]
[PlyCount "74"]
[SourceDate "2018.03.25"]

{D35: Queen's Gambit Declined: Exchange Variation} 1. c4 Nf6 2. d4 e6 3. Nf3 d5
4. e3 c6 5. Nc3 Bd6 6. cxd5 (6. Qc2 O-O 7. Be2 (7. b3 b6 8. Bd3 Nbd7 9. O-O c5
10. cxd5 exd5 11. Bb2 Bb7 12. Nb5 Be7 13. Rac1 a6 14. Nc3 Bd6 15. Rfd1 Qe7 16.
Qe2 Rfe8 17. Bf5 Rad8 18. Bd3 b5 19. dxc5 Nxc5 20. Bf5 g6 21. Bh3 b4 {
Simantsev,M (2383)-Tikhomirov,A (2256) Kharkov 2002 0-1 (39)}) 7... Re8 8. O-O
b6 9. e4 dxe4 10. Nxe4 Be7 11. Bf4 Bb7 12. Rad1 Nxe4 13. Qxe4 Nd7 14. Rfe1 Nf8
15. Ne5 Ng6 16. Bd3 Bf6 17. Bg3 Qc8 18. c5 bxc5 19. dxc5 Ba6 20. Bc2 Qb7 {
Itkis,B (2435)-Anikaev,Y (2420) Kishinev 1993 1-0 (46)}) 6... exd5 7. Bd3 $146
(7. Be2 Nbd7 8. O-O O-O 9. b3 Re8 10. Bb2 Nf8 11. Rc1 Ng6 {1/2-1/2 (11)
Desmarais,C (2180)-Farago,S (2329) Budapest 2001}) 7... O-O 8. O-O Bg4 9. h3 {
White threatens to win material: h3xg4} Bh5 10. Re1 Re8 11. Be2 Nbd7 12. Bd2
Bg6 (12... Ne4 13. Qc2 $15) 13. Nh4 $11 Ne4 14. Nxe4 (14. Nxg6 Nxd2 15. Qxd2
hxg6 $11) 14... Bxe4 $15 15. Nf3 Re6 16. Bc3 {White has a cramped position} Rg6
17. Kh1 Qe7 18. Bd3 f5 19. Bxe4 (19. Kg1 Rf8 $15) 19... fxe4 $17 20. Ne5 (20.
Nh2 Rf8 21. Re2 Qh4 $19) 20... Nxe5 21. dxe5 Bxe5 22. Bxe5 Qxe5 23. Qb3 $2 (23.
Re2 Rf8 $17) 23... Qe7 (23... Rf8 $142 {and Black can already relax} 24. Qxb7
Rxf2 25. Qc8+ Rf8 $19) 24. Rad1 $4 {a blunder in a bad position} (24. Re2 $142
$19) 24... Rf8 25. Rf1 b6 26. Rc1 (26. Rd2 {the only chance to get some
counterplay} Rf3 $3 {Mate attack} 27. Rxd5 cxd5 28. Qxd5+ Rf7 29. Kg1 $19)
26... Qg5 27. g3 Qf5 28. Kh2 (28. Kg2 Rh6 29. f4 exf3+ 30. Kf2 Rxh3 31. Ke1 $19
) 28... Rh6 29. h4 g5 (29... Rxh4+ $142 $1 {and Black has it in the bag} 30.
gxh4 Qg4 31. f4 exf3 32. Qc2 Qxh4+ 33. Kg1 Qg3+ 34. Kh1 $19) 30. f4 (30. Qd1 {
does not solve anything} gxh4 31. g4 Qe5+ 32. Kg2 $19) 30... gxh4 (30... exf3
$142 {ends the debate} 31. Qb4 Qe5 $19) 31. g4 $17 Qe6 32. Rg1 d4 (32... Qd7
33. Qa4 $17) 33. Qa3 $2 (33. Qxe6+ $5 {must be considered} Rxe6 34. f5 $17)
33... dxe3 34. Qxe3 Rhf6 35. Rcf1 $2 (35. f5 $142 Qe5+ 36. Kh3 $17) 35... Qd6
$19 36. Qxe4 (36. Rd1 {hoping against hope} Qxf4+ 37. Qxf4 Rxf4 38. Kh3 $19)
36... Rxf4 37. Rxf4 Rxf4 (37... Rxf4 38. Qg2 Rxg4+ 39. Kh3 Rxg2 40. Rxg2+ Kh8
41. Kxh4 Qd5 $19) 0-1

[Event "HokkaidoCh2018"]
[Site "?"]
[Date "2018.03.24"]
[Round "1.3"]
[White "YOSHII, Yukihiko"]
[Black "KOBAYASHI, Katsuhiko"]
[Result "1-0"]
[WhiteElo "1783"]
[BlackElo "1494"]
[Annotator "Fritz 15 (30s)"]
[PlyCount "67"]
[SourceDate "2018.03.25"]

{A28: English Opening: Four Knights Variation} 1. c4 e5 2. Nc3 Nf6 3. Nf3 Nc6
4. d4 exd4 5. Nxd4 Bb4 6. Bg5 Bxc3+ 7. bxc3 O-O 8. e3 h6 (8... Ne5 9. Be2 h6
10. Bh4 d6 11. Qc2 Re8 12. Rd1 Ng6 13. Bg3 Ne4 14. Bd3 Nxg3 15. hxg3 Ne5 16.
Bh7+ Kh8 17. Bf5 Qf6 18. Bxc8 Raxc8 19. Nf5 Ng6 20. Rd4 Re5 21. g4 Rce8 22. g3
Kg8 23. f4 {Krause,U (2289)-Schleicher,G (2216) Germany 2005 1/2-1/2 (38)}) 9.
Bh4 g5 $146 (9... Ne5 10. Nb5 d6 11. Be2 Ng6 12. Bxf6 Qxf6 13. Nxc7 Qxc3+ 14.
Kf1 Rb8 15. Nd5 Qa5 16. h4 Be6 17. h5 Ne5 18. Rh4 Rfe8 {1/2-1/2 (18)
Istratescu,A (2561)-Tkachiev,V (2672) Ohrid 2001}) 10. Bg3 Ne4 {Black
threatens to win material: Ne4xc3} 11. Qc2 Nxg3 12. hxg3 Nxd4 13. cxd4 Kg7 14.
Bd3 d6 15. O-O-O (15. Rc1 Qe7 $14) 15... f5 (15... Qf6 16. Rdf1 $11) 16. Rh2 (
16. Rh5 Rf6 $14) 16... Qf6 $11 17. f4 c5 (17... Bd7 18. Rdh1 Rh8 19. d5 $11)
18. d5 {White wins space} (18. Rdh1 Rh8 $14) 18... Re8 (18... Bd7 $5 $11 {
is interesting}) 19. Kd2 $16 Qe7 $4 {causes even greater problems} (19... Bd7
$5 $16) 20. Re1 (20. Qc3+ $5 {and White can already relax} Kg8 21. Rxh6 Qxe3+
22. Kc2 Qf2+ 23. Kb1 Qd4 24. Qxd4 cxd4 25. fxg5 Re3 $18) 20... Rf8 (20... Qf6
21. Reh1 Rh8 22. fxg5 Qxg5 23. Rh5 Qxg3 24. Qc3+ Qe5 25. Qxe5+ dxe5 26. Bxf5
Bxf5 27. Rxf5 $18) 21. Qc3+ Kg6 $4 {shortens the misery for Black} (21... Qf6
22. Qxf6+ Rxf6 23. fxg5 hxg5 $18) 22. Reh1 (22. e4 {seems even better} Qf6 23.
exf5+ Kg7 24. Re7+ Kg8 25. Qxf6 Rxf6 26. fxg5 hxg5 27. Re8+ Kg7 $18) 22... Qh7
(22... Qg7 {cannot change destiny} 23. Qxg7+ Kxg7 24. Rxh6 $18) 23. g4 (23.
fxg5 $142 {might be the shorter path} Kxg5 24. g4 $18) 23... gxf4 (23... Qh8 {
is the last straw} 24. gxf5+ Kf7 25. Qxh8 Rxh8 26. fxg5 Rg8 27. gxh6 Rh8 $18)
24. exf4 Bd7 (24... Qh8 {praying for a miracle} 25. Rxh6+ Qxh6 26. gxf5+ Bxf5
27. Rxh6+ Kxh6 28. Bxf5 Rxf5 29. Qh3+ Kg6 $18) 25. Bxf5+ Bxf5 26. gxf5+ Rxf5
27. Qg3+ Kf7 28. Rxh6 Qg7 29. Rh7 Rg8 30. Rxg7+ (30. Qg4 Rf6 31. R1h5 Kf8 32.
Qc8+ Kf7 33. Qd7+ Kf8 34. Rxg7 Rxg7 35. Rh8+ Rg8 36. Qd8+ Kf7 37. Qxg8+ Ke7 38.
Qe8#) 30... Rxg7 31. Qh3 Rxf4 (31... Rf6 {doesn't improve anything} 32. Qd7+
Kg8 33. Qe8+ Rf8 34. Qe6+ Rff7 35. g4 b6 36. g5 b5 37. g6 bxc4 38. gxf7+ Rxf7
39. Qc8+ Rf8 40. Rg1+ Kh7 41. Qh3#) 32. Qe6+ Kf8 33. Rh8+ Rg8 34. Rxg8# 1-0

[Event "HokkaidoCh2018"]
[Site "?"]
[Date "2018.03.24"]
[Round "1.4"]
[White "MATSUMOTO, Kenshin"]
[Black "SONOMOTO, Shinji"]
[Result "0-1"]
[WhiteElo "1471"]
[BlackElo "1740"]
[Annotator "Fritz 15 (30s)"]
[PlyCount "66"]
[SourceDate "2018.03.25"]

{E91: King's Indian: Classical: 6 Be2, unusual replies including 6...c5 and 6..
.Bg4} 1. d4 g6 2. c4 Bg7 3. Nc3 d6 4. Nf3 Nf6 5. e4 O-O 6. Be2 Nc6 (6... e5 7.
O-O Nc6 8. d5 Nb8 9. Bg5 h6 10. Bh4 a5 (10... Nbd7 11. Nd2 Re8 12. b4 Nf8 13.
f3 g5 14. Bf2 Ng6 15. c5 Nh5 16. g3 Bh3 17. Re1 Rf8 18. Bf1 Bxf1 19. Nxf1 f5
20. Ne3 fxe4 21. fxe4 Nf6 22. Rf1 Qd7 23. Qe2 Qh3 24. Be1 a5 25. Rb1 {Galyas,M
(2413)-Nagy,B (2201) Budapest 2003 1-0 (40)}) 11. c5 Nbd7 12. cxd6 cxd6 13. Nd2
Nc5 14. f3 Bd7 15. a4 Na6 16. Bb5 Nc7 17. Bxd7 Qxd7 18. Nc4 Ra6 19. Qb3 Rb8 20.
Nb5 Nce8 21. Bf2 {Gurevich,M (2540)-Karner,H (2390) Tallinn 1987 1-0 (41)}) 7.
d5 Nb8 8. O-O e5 9. Be3 {Black has a cramped position} Ng4 $146 (9... a5 10.
Nd2 Na6 11. a3 Nd7 12. b4 f5 13. f3 Bf6 14. c5 dxc5 15. bxa5 Bg5 16. Bf2 Be7
17. Nc4 Bd6 18. Nb5 Qe7 19. exf5 gxf5 20. Re1 Qf6 21. Bd3 Kh8 22. Ra2 e4 23.
fxe4 Ne5 24. Nbxd6 {Malaniuk,V (2505)-Csala,I (2320) Budapest 1990 1-0}) 10.
Bg5 Bf6 11. Bxf6 (11. Bd2 Bg7 $14) 11... Nxf6 12. Rc1 Nbd7 13. b4 Kg7 14. c5 {
Nimzovich: attack the chain at its base} (14. a3 a5 $14) 14... h6 {Secures g5}
(14... dxc5 $5 {should be investigated more closely} 15. bxc5 Nxc5 16. Nxe5
Ncxe4 17. Nxe4 Nxe4 $11) 15. cxd6 $16 cxd6 16. Qc2 a6 17. b5 {Black's piece
can't move: c8} (17. Nd2 b5 $16) 17... Nh7 (17... Nh5 18. bxa6 Nf4 19. axb7
Nxe2+ 20. Qxe2 Bxb7 21. Rfe1 $11) 18. bxa6 bxa6 19. Na4 f5 $2 (19... Ndf6 $142
$14 {and Black could well hope to play on}) 20. exf5 $18 gxf5 21. Qc6 Ra7 22.
Qxd6 Rf6 23. Qa3 Ng5 $4 {leading to a quick end} (23... Bb7 24. Rfd1 Ba8 $18)
24. Nxg5 hxg5 25. Rc6 (25. Qe3 $142 {makes it even easier for White} Ra8 26.
Qxg5+ Kf8 $18) 25... Rf8 (25... Rxc6 26. dxc6 Nf8 $18) 26. Rfc1 Ra8 27. Rc7 Kg6
(27... Kg8 {is not much help} 28. R1c6 Rf6 29. d6 $18) 28. R1c6+ (28. Nb6 $142
{seems even better} Rb8 29. Nxc8 Rf6 30. Ne7+ Kg7 $18) 28... Nf6 (28... Rf6 {
doesn't change the outcome of the game} 29. Nb6 $3 {Decoy: b6} Qxc7 30. Rxc7
Rxb6 31. Qe7 $18) 29. Qh3 (29. Bh5+ $142 $1 {secures victory} Kh6 30. Qh3 Qxc7
31. Be8+ Kg7 32. Rxc7+ Bd7 33. Bxd7 Nxd5 34. Rc6 $18) 29... Rh8 30. Qg3 (30.
Qc3 $5 {might be the shorter path} Rb8 31. Qxe5 Rb1+ 32. Bf1 Bb7 33. Rxb7 Rxb7
$18) 30... Bd7 31. Rc3 (31. Rxd7 $142 {and White wins} Qxd7 32. Qxe5 Qxc6 33.
dxc6 $18) 31... Bxa4 (31... Rb8 $142 32. Qd3 Bxa4 33. Qxa6 Ra8 $19) 32. R7c4 $4
{another bit of territory lost} (32. h4 $142 g4 33. R3c4 $17) 32... Bb5 (32...
e4 $5 {keeps an even firmer grip} 33. Rc1 Bb5 34. R4c2 Bxe2 35. Rxe2 Qxd5 36.
Rb2 $19) 33. Qxe5 (33. h4 {the last chance for counterplay} Rxh4 $1 {the end}
34. Rxh4 Bxe2 35. Rb4 $19) 33... Re8 (33... Re8 34. Qd4 Rxe2 $19) 0-1

[Event "HokkaidoCh2018"]
[Site "?"]
[Date "2018.03.24"]
[Round "1.5"]
[White "MANABE, Hiroaki"]
[Black "KOYAHATA, Taku"]
[Result "1-0"]
[WhiteElo "1723"]
[BlackElo "1391"]
[Annotator "Fritz 15 (30s)"]
[PlyCount "47"]
[SourceDate "2018.03.25"]

{B21: Sicilian: 2 f4 and Morra Gambit} 1. e4 c5 2. d4 cxd4 3. c3 dxc3 4. Nxc3
Nc6 5. Bc4 Nf6 $146 {Black has a cramped position. Black's pieces can't move:
c8+f8} (5... e6 6. f4 (6. Nge2 Nf6 7. O-O a6 8. a3 b5 9. Ba2 Bb7 10. Bf4 Be7
11. Ng3 d6 12. Qe2 O-O 13. Rfd1 Qb8 14. Rd2 Ne5 15. Rad1 Qc7 16. Bg5 Rfd8 17.
f4 Nc4 18. Rd3 Rac8 19. f5 a5 20. Kh1 Ba6 {Basman,M (2410)-Corden,M (2360)
Birmingham 1972 1-0 (36)}) 6... Nf6 7. e5 d5 8. Bd3 Nd7 9. Nf3 f5 10. exf6 Nxf6
11. Ne5 Bd6 12. Qe2 O-O 13. O-O Qe8 14. Bd2 Nd7 15. Nb5 Bb8 16. Nxc6 bxc6 17.
Nd4 Nf6 18. Rae1 Bc7 19. Kh1 Bb6 20. Bc3 {Martin,A (2330)-Cummings,D (2265)
London 1979 1-0 (39)}) (5... d6 6. Nge2 (6. f4 e6 7. Nf3 Be7 8. Qe2 Nf6 9. Be3
O-O 10. Rd1 a6 11. e5 Ne8 12. O-O Qa5 13. Bf2 b5 14. Bb3 b4 15. Bc2 g6 16. exd6
Nxd6 17. Ne4 Rd8 18. Rc1 Nf5 19. Rfd1 h5 20. Bb3 Bb7 {Martin,A (2330)-Muir,A 
(2200) London 1979 1-0 (42)}) 6... Nf6 7. O-O e6 8. Ng3 Be7 9. Be3 O-O 10. f4
a6 11. Qe2 b5 12. Bb3 b4 13. Na4 Rb8 14. Rad1 Qa5 15. Bc2 e5 16. h3 exf4 17.
Rxf4 Ne5 18. Nf5 Bxf5 19. Rxf5 Qb5 20. Qf2 {Adnoy,H (2310)-Ni,V (2151)
Pardubice 2009 0-1 (35)}) (5... a6 6. a4 d6 7. Nf3 Nf6 8. h3 e6 9. O-O Be7 10.
Be3 O-O 11. Qe2 Bd7 12. Rfd1 Qc7 13. Bf4 Ne5 14. Nxe5 dxe5 15. Be3 Rac8 16. Bb3
Bc6 17. Rac1 Rfd8 18. f3 Qa5 19. Rxd8+ Rxd8 20. Qc4 {Richter,K (2226)
-Gersinska,J (2295) Germany 1999 0-1 (70)}) 6. Nf3 e5 {Black has a new
backward pawn: d7. Black is behind in developement. Black's piece can't move:
c8} (6... e6 7. Qe2 $11) 7. Ng5 $14 d5 8. exd5 (8. Nxd5 h6 9. Nxf7 Kxf7 10.
Nc7+ Ke7 11. Nxa8 Bd7 $14) 8... Nd4 $11 {A beautiful square!} 9. O-O {White
has a king attack} Bd6 {The bishop blocks d5} 10. Re1 (10. Be3 O-O $11) 10...
O-O $11 {Black castles and improves king safety} 11. Be3 {White threatens to
win material: Be3xd4} Bg4 {Black threatens to win material: Bg4xd1} 12. f3 {
White threatens to win material: f3xg4} Bc8 (12... Rc8 13. Bd3 Bd7 14. Bf2 $11)
13. Bxd4 $14 exd4 14. Qxd4 {Black has the pair of bishops.} Qc7 15. Qh4 (15.
Kh1 Bf5 16. Nb5 Qc5 $16) 15... h6 {Black threatens to win material: h6xg5} 16.
Nge4 Bxh2+ $4 (16... Nxe4 $142 {is the best chance} 17. Nxe4 Bxh2+ 18. Qxh2
Qxc4 $11) 17. Qxh2 $18 Qxc4 18. Nxf6+ gxf6 19. Qxh6 Qd4+ 20. Kh1 (20. Re3 $142
{makes it even easier for White} f5 21. Rd1 $18) 20... Bf5 $4 {Black has lost
his nerve... understandable when you consider his position} (20... f5 $18) 21.
Ne4 (21. Re4 Bxe4 22. Nxe4 f5 23. Qg5+ Kh7 24. Qxf5+ Kg8 25. Qg4+ Kh8 26. Qh4+
Kg7 27. Qg5+ Kh7 28. Nf6+ Qxf6 29. Qxf6 Rg8 30. Qxf7+ Rg7 31. Qf5+ Kg8 32. Qe6+
Kh8 33. Re1 Rf8 34. Re4 Rgf7 35. Qe5+ Rg7 36. Rg4 Rff7 37. Qb8+ Kh7 38. Rh4+
Kg6 39. Qg3+ Kf6 40. Qd6+ Kg5 41. Rg4+ Kh5 42. Qh2#) 21... Bg6 22. Rad1 Qb6 (
22... Qxb2 {cannot change what is in store for White} 23. Rd2 Qe5 24. f4 Qh5+
25. Qxh5 Bxh5 26. Nxf6+ Kg7 27. Nxh5+ Kg6 28. Ng3 $18) 23. d6 Rfe8 (23... Qxb2
{otherwise it's curtains at once} 24. d7 f5 $18) 24. Nxf6# 1-0

[Event "HokkaidoCh2018"]
[Site "?"]
[Date "2018.03.24"]
[Round "1.6"]
[White "IKEDA, Naoto"]
[Black "WATANABE, Katsumi"]
[Result "0-1"]
[WhiteElo "1317"]
[BlackElo "1657"]
[Annotator "Fritz 15 (30s)"]
[PlyCount "50"]
[SourceDate "2018.03.25"]

{D38: Queen's Gambit Declined: Ragozin Defence (4 Nf3 Bb4)} 1. d4 d5 2. c4 e6
3. Nf3 Nf6 4. Nc3 Bb4 5. Bd2 $146 (5. cxd5 Nxd5 (5... Bxc3+ 6. bxc3 Nxd5 7. e4
Ne7 8. Bd3 O-O 9. e5 f5 10. exf6 Rxf6 11. Qe2 h6 12. Ba3 Nd5 13. Qe4 g6 14. Ne5
Nf4 15. Bc2 Qd5 16. g3 Nh3 17. Ng4 Rf5 18. Nxh6+ Kg7 19. Nxf5+ gxf5 20. Qxd5 {
Friedman,A (2295)-Song,P (2175) Philadelphia 1995 1-0}) 6. Bd2 O-O 7. e4 Nxc3
8. bxc3 Be7 9. Bc4 b6 10. Qe2 Nc6 11. O-O Na5 12. Bd3 c5 13. Rad1 Bb7 14. Bf4
cxd4 15. cxd4 Bf6 16. d5 exd5 17. exd5 g6 18. Ba6 Re8 19. Qd3 Bxa6 {Tatai,S 
(2460)-Kaldor,A (2200) Netanya 1973 0-1 (40)}) (5. Bf4 c5 (5... O-O 6. e3 c5 7.
dxc5 Nc6 8. Be2 Re8 9. O-O Bxc5 10. cxd5 exd5 11. Rc1 Be6 12. Qa4 Qb6 13. Nb5
Rac8 14. Bc7 Qa6 15. Qxa6 bxa6 16. Rxc5 axb5 17. Rxc6 {1-0 (17) Witke,T (2200)
-Jovic,L (2345) Boeblingen 1985}) 6. e3 Nc6 7. Bd3 dxc4 8. Bxc4 Nd5 9. Bxd5
Qxd5 10. O-O Bxc3 11. bxc3 O-O 12. Qe2 b6 13. c4 Qf5 14. Bg3 Qh5 15. Rfd1 Ba6
16. Rac1 Rfd8 17. h3 Rac8 18. Qc2 Na5 19. d5 exd5 {Milov,V (2676)-Landa,K 
(2678) Ajaccio 2007 0-1 (45)}) (5. Ne5 O-O 6. Bg5 c5 7. Rc1 Nc6 8. e3 cxd4 9.
exd4 Be7 10. Be2 Bd7 11. Nxc6 Bxc6 12. c5 b6 13. b4 bxc5 14. bxc5 Ne4 {1/2-1/2
(14) Eltigani,O (2310)-Tatar Kis,S (2367) Hungary 2012}) 5... O-O 6. a3 Bxc3 7.
Bxc3 Ne4 8. e3 Nxc3 9. bxc3 Nd7 10. cxd5 exd5 11. Bd3 Nf6 12. Ne5 Ne4 {Black
threatens to win material: Ne4xc3} 13. Qc2 f5 14. O-O c6 {Consolidates b5} 15.
f3 Nd6 16. Kh1 (16. c4 dxc4 17. Bxc4+ Kh8 $14) 16... Qh4 (16... Be6 17. Rab1
$11) 17. g3 Qh3 (17... Qe7 18. Rab1 $11) 18. Rg1 Be6 19. Bf1 {White threatens
to win material: Bf1xh3} Qh6 {Black threatens to win material: Qh6xe3} 20. Rb1
(20. Re1 Rfc8 $11) 20... Qxe3 21. f4 (21. Bd3 $142 Qh6 22. Rge1 $11) 21... Ne4
$4 {hands over the advantage to the opponent} (21... Qe4+ 22. Rg2 Qxc2 23. Rxc2
$17) 22. Nd3 $4 {gives the opponent new chances} (22. Bd3 $5 Nf2+ 23. Kg2 Nxd3
24. Nxd3 Qe4+ 25. Kf2 c5 $18) 22... Rf7 $4 {with this move Black loses his
initiative} (22... Rf6 23. Ne5 Rh6 24. Kg2 $17) 23. Re1 $4 {White threatens to
win material: Re1xe3. weakening the position} (23. Rg2 $142 {White clearly has
the better chances} Rf6 24. Re1 $16) 23... Qf3+ $15 24. Bg2 (24. Rg2 Qh5 $15)
24... Qh5 {Black has a mate threat} (24... Nxg3+ $5 25. hxg3 Qh5+ 26. Bh3 Qxh3+
27. Qh2 Qxh2+ 28. Kxh2 Re7 $17) 25. Ne5 $4 {solves nothing} (25. Re3 $142 $17)
25... Nxg3# 0-1

[Event "HokkaidoCh2018"]
[Site "?"]
[Date "2018.03.24"]
[Round "1.7"]
[White "KIMURA, Ryota"]
[Black "ITO, Katsuhide"]
[Result "1-0"]
[WhiteElo "1625"]
[BlackElo "1282"]
[Annotator "Fritz 15 (30s)"]
[PlyCount "73"]
[SourceDate "2018.03.25"]

{B33: Sicilian: Pelikan and Sveshnikov Variations} 1. e4 c5 2. Nf3 Nc6 3. d4
cxd4 4. Nxd4 Nf6 5. Nc3 e5 6. Ndb5 d6 7. Bg5 a6 8. Na3 b5 9. Nd5 Be7 10. Bxf6
Bxf6 11. c3 O-O 12. Be2 (12. Bd3 Bg5 13. Bc2 Rb8 14. Qd3 b4 15. Nc4 bxc3 16.
bxc3 Ne7 17. Nxe7+ {1/2-1/2 (17) Arnason,J (2550)-Van der Wiel,J (2560)
Haninge 1989}) 12... Rb8 {[%cal Yb5b4] Black plans b4} (12... Ne7 13. Nc2 Nxd5
14. Qxd5 Be6 15. Qd3 d5 16. Rd1 dxe4 17. Qxe4 Qb6 18. Nb4 g6 19. O-O Bg7 20.
Nd5 Bxd5 21. Rxd5 Rad8 22. Rfd1 f5 23. Qb4 Rxd5 24. Rxd5 Qe6 25. Bd1 Kh8 26.
Bb3 Qf6 27. Rd1 {Voigt,R (2279)-Seiler,A (2228) Neumuenster 2000 1/2-1/2 (37)})
13. Nc2 a5 {[%cal Yb5b4] Black prepares b4} 14. O-O b4 $146 (14... Be6 15. Nce3
Bg5 16. a3 Ne7 {1/2-1/2 (16) Ortega,L (2460)-Sulava,N (2380) Verona 1997}) 15.
cxb4 Nxb4 16. Ncxb4 axb4 17. Rc1 Qa5 (17... Bg5 $5 {should not be overlooked}
18. Rc6 Qa5 $14) 18. Nxf6+ $16 gxf6 19. Qxd6 Be6 20. Bc4 Rfd8 21. Qe7 Bxc4 22.
Rxc4 Qxa2 (22... Qb6 $16) 23. Rxb4 (23. Rc6 $5 Qb3 24. Rxf6 $16) 23... Qe6 24.
Qxe6 $5 fxe6 25. Rxb8 Rxb8 26. Rb1 f5 $2 (26... Rb3 27. Kf1 $16) 27. Kf1 (27.
b4 Rb5 $16) 27... Kf7 (27... Rb4 $5 $16) 28. b4 Ke7 29. Ke2 Kd6 30. Kd3 Kc6 31.
Kc4 Rb5 $2 (31... Rd8 $142 32. exf5 exf5 $16) 32. Ra1 Rb6 (32... Rb8 33. exf5
exf5 34. Ra6+ Kb7 35. Rf6 $18) 33. Ra7 (33. exf5 $142 {keeps an even firmer
grip} Kb7 34. f6 $18) 33... Rb7 (33... Rb8 {is one last hope} 34. b5+ Kb6 35.
Ra6+ Kb7 36. Rxe6 fxe4 $18) 34. Rxb7 Kxb7 35. Kb5 fxe4 36. g4 Kc7 (36... e3 {
does not help much} 37. fxe3 h6 38. h4 Kc7 39. Kc5 Kd8 40. Kd6 e4 41. b5 Kc8
42. Kc6 Kd8 43. b6 e5 44. b7 Ke7 45. b8=Q Kf7 46. Kd7 Kg7 47. Ke6 Kh7 48. Qb7+
Kg8 49. Kf6 h5 50. Qg7#) 37. Kc5 (37. Kc5 Kd7 38. b5 Ke7 39. b6 Kd7 40. g5 e3
41. fxe3 Kd8 42. Kc6 Ke7 43. b7 Kf7 44. b8=Q Kg6 45. Qxe5 Kh5 46. Kd6 Kg4 47.
Qf4+ Kh5 48. Kxe6 Kg6 49. Qf6+ Kh5 50. Kf5 Kh4 51. Qh6#) 1-0